000 00431nam a22001937a 4500
003 bpm
005 20260417103518.0
008 260417b |||||||| |||| 00| 0 spa d
022 _a9789875664302
024 _aS. C. C. / M. C. y E. M.:
040 _aAR-CtUCP
041 _aspa
080 _aCDU
100 _aSteel Danielle
245 _aEl anillo
650 _aLiteratura - Narrativa
942 _cLIB
999 _c76664
_d76664